|
|
|
|
| LEADER |
00000nab a2200000 a 4500 |
| 001 |
vtls000218897 |
| 003 |
SK-MaSNL |
| 005 |
20260304063004.0 |
| 008 |
250422c1985 xo 0 slo |
| 015 |
|
|
|a SNBRB19rr/mm-uuuuu
|
| 035 |
|
|
|a CL0229011
|
| 035 |
|
|
|a urn:nbn:sk:snk-abbern
|
| 035 |
|
|
|a (urnnbn)urn:nbn:sk:snk:ar-006eq5
|
| 035 |
|
|
|a (uuid)677b1a6f-96aa-4ed9-8439-7a5fb052a8b8
|
| 040 |
|
|
|a SNKBUCL
|b slo
|c SNKBUCL
|e AACR2
|
| 041 |
0 |
|
|a slo
|
| 044 |
|
|
|a xo
|c SK
|
| 080 |
|
|
|a 712.25
|2 1981
|
| 100 |
1 |
|
|a Horniak, Ladislav
|4 aut
|9 555865
|
| 245 |
1 |
0 |
|a Súčasné problémy urbanistického prístupu k tvorbe sídelnej zelene
|c Ladislav Horniak
|
| 300 |
|
|
|b Obr. 2. Tb. 5.
|
| 650 |
0 |
7 |
|a sídelná zeleň
|2 snkbucl
|9 22108
|
| 655 |
|
7 |
|a články z novín a časopisov
|2 snkbucl
|9 267496
|
| 773 |
0 |
|
|t Životné prostredie
|g Roč. 19, č. 2 (1985), s. 93-98
|
| 850 |
|
|
|a Slovenská národná knižnica
|
| 852 |
|
|
|a Slovenská národná knižnica
|
| 954 |
|
|
|a odborná, vedecká literatúra pôvodná (slovenská)
|2 lita
|
| 958 |
|
|
|a article15
|
| 958 |
|
|
|a RK
|
| 958 |
|
|
|a OND
|
| 958 |
|
|
|a EUIPO
|
| 992 |
|
|
|a RBX
|
| 999 |
|
|
|c 2740534
|d 2742464
|